00948nam a2200229Ia 4500003000400000005001700004008004100021020001800062040001800080041000800098082002200106100002900128245011800157250000800275260004500283300003200328650006100360650007800421942003100499999001900530952016900549OSt20220720143236.0210716s2018 xx 000 0 und d a9781788623513 cAIMIT LIBRARY aeng a005.448 21bSHRA aShrivastwa, Alok.951854 aHybrid cloud for architects :bbuild robust hybrid cloud solutions using AWS and openstack /cBy Alok Shrivastwa. a1st aMumbai :bPackt Publishing Ltd ,c2018 . aviii, 274p. ;bPBc23.5 cm. aArchitecting the underpinning services networking951855 aMonitoring the hybrid cloud the traditional concepts in monitoring951856 2ddccBKe1stk005.448 SHRA c196583d196583 00102ddc40708MCAaAIMITbAIMITeKnowledge Worldg899.00iBill no:602; Bill dt:2019-01-24l0o005.448 SHRApMCA16098r2026-05-23 00:00:00v674.25w2021-07-16yBK